INTERNATIONAL HUMAN RESOURCE MANAGEMENT (Record no. 3081)
[ view plain ]
| 000 -LEADER | |
|---|---|
| fixed length control field | 00341nam a2200145Ia 4500 |
| 003 - CONTROL NUMBER IDENTIFIER | |
| control field | OSt |
| 005 - DATE AND TIME OF LATEST TRANSACTION | |
| control field | 20240301100853.0 |
| 008 - FIXED-LENGTH DATA ELEMENTS--GENERAL INFORMATION | |
| fixed length control field | 170524s9999 xx 000 0 und d |
| 020 ## - INTERNATIONAL STANDARD BOOK NUMBER | |
| International Standard Book Number | 9789389538274 |
| 040 ## - CATALOGING SOURCE | |
| Transcribing agency | IIMT UNIVERSITY |
| 100 ## - MAIN ENTRY--PERSONAL NAME | |
| Personal name | Aswatnappa |
| 245 #0 - TITLE STATEMENT | |
| Title | INTERNATIONAL HUMAN RESOURCE MANAGEMENT |
| 260 ## - PUBLICATION, DISTRIBUTION, ETC. | |
| Place of publication, distribution, etc. | TMH |
| 942 ## - ADDED ENTRY ELEMENTS (KOHA) | |
| Source of classification or shelving scheme | |
| Koha item type | Book Bank |
| Withdrawn status | Lost status | Source of classification or shelving scheme | Damaged status | Not for loan | Home library | Current library | Date acquired | Barcode | Date last seen | Uniform Resource Identifier | Price effective from | Koha item type | Total Checkouts | Checked out | Date last checked out |
|---|---|---|---|---|---|---|---|---|---|---|---|---|---|---|---|
| IIMT University Central Library Meerut | IIMT University Central Library Meerut | 05/31/2017 | 01-B-22923 | 05/31/2017 | HUMAN RESOURCE MANAGEMENT | 05/31/2017 | Book Bank | ||||||||
| IIMT University Central Library Meerut | IIMT University Central Library Meerut | 05/31/2017 | 01-B-22924 | 02/14/2026 | HUMAN RESOURCE MANAGEMENT | 05/31/2017 | Book Bank | 1 | 07/31/2026 | 02/14/2026 | |||||
| IIMT University Central Library Meerut | IIMT University Central Library Meerut | 05/31/2017 | 01-B-22925 | 05/31/2017 | HUMAN RESOURCE MANAGEMENT | 05/31/2017 | Book Bank | ||||||||
| IIMT University Central Library Meerut | IIMT University Central Library Meerut | 05/31/2017 | 01-B-22926 | 02/12/2024 | HUMAN RESOURCE MANAGEMENT | 05/31/2017 | Book Bank | 2 | 09/23/2023 |

